Statistics for Active QB's that have played in the Superbowl

Click here to take the quiz!

General Stats

  • This quiz has been taken 50 times
  • The average score is 12 of 12

Answer Stats

SB TeamCurrent TeamQB% Correct
GBPGBPAaron Rodgers
100%
ATLINDMatt Ryan
100%
NEP, TBBTBBTom Brady
100%
SFFSFFJimmy Garoppolo
98%
BALNYJJoe Flacco
98%
LARLARMatthew Stafford
98%
KANKANPatrick Mahomes
98%
SEADENRussell Wilson
98%
CARFACam Newton
96%
LARDETJared Goff
96%
CINCINJoe Burrow
96%
PHICHINick Foles
91%

Score Distribution

Percentile by Number Answered

Percent of People with Each Score

Your Score History

You have not taken this quiz